Tissue Mechanics

Enregistré dans:
Détails bibliographiques
Auteurs principaux: Cowin, Stephen C. (Auteur), Doty, Stephen (Auteur)
Format: Livre
Langue:anglais
Publié: New York : Springer Science+Business Media, LLC, 2007
Édition:1. Edition
Sujets:
Tags: Ajouter un tag
Pas de tags, Soyez le premier à ajouter un tag!

MARC

LEADER 00000nam a22000003a 4500
001 stu168174
005 20190206105121.5
008 080825s2007----xxu-----------------eng-d
020 |a 0-387-36825-6 
040 |a STU  |b slo 
041 0 |a eng 
044 |a xxu 
080 |a 611.018.2 
080 |a 576.7 
080 |a 004.94 
100 1 |a Cowin, Stephen C.  |4 aut 
245 1 |a Tissue Mechanics 
250 |a 1. Edition 
260 |a New York :  |b Springer Science+Business Media, LLC,  |c 2007 
300 |a 682 s 
650 7 |a spojivové tkanivá  |2 stusub 
650 7 |a tkanivá  |2 stusub 
650 7 |a simulácia a modelovanie  |2 stusub 
700 1 |a Doty, Stephen  |4 aut 
996 |b 284J034287  |c J*110087  |l JJK10  |s P  |a 0  |w stu168174_0001